000 00691nam a2200229Ia 4500
005 20230804100049.0
008 131103s9999 xx 000 0 und d
020 _a582026342
040 _aLoreto College
041 _aEnglish
082 _a907.2
_bTOS
100 _aTosh, John
245 4 _aThe pursuit of History
_b Aims methods and new directions in the study of modern history
_cJohn Tosh
250 _a2nd ed
260 _aLondon and New York
_bLongman
_c1991(12th imp 1998)
300 _a243p, 21.5 cm.
504 _aIncludes bibliographical references and index
650 _aHistory, Education and Research
651 _aHistoriography
850 _aLCLIB
942 _cBK
999 _c2398
_d52877